| 000 | 00687nam a2200193 a 4500 | ||
|---|---|---|---|
| 001 | 12187 | ||
| 003 | CO-ViMGA | ||
| 008 | 141112s2004 ck r 000 u spa d | ||
| 020 | _a8428319170 | ||
| 040 |
_aCO-ViMGA _bspa _cCO-ViMGA |
||
| 082 | 0 | 4 | _a338.019 S65g |
| 100 | 1 |
_aSoler Mateo, Fernando _917269 |
|
| 245 | 1 | 0 |
_aGestion informatica de la produccion : _bsistemas de informacion en la industria |
| 260 |
_aMadrid, _cEd. Paraninfo, _cS.A., _c1991 |
||
| 300 | _a437 p. il. | ||
| 590 | _aForma de adquisición : compra - - Precio : 39.000 - - Proveedor : FIS - - Fecha de adquisición : Sept. 23, 2000 | ||
| 650 | 1 | 4 |
_aPRODUCTIVIDAD INDUSTRIAL - AUTOMATIZACION _917270 |
| 942 |
_2ddc _cBK |
||
| 999 |
_c23201 _d23201 |
||